Death Guard - Units (Warhammer 40,000) - Statistics

General Stats
  • This quiz has been taken 10 times
  • The average score is 16 of 69
Answer Stats
Answer % Correct
Mortarion
88%
Typhus
88%
Chaos Rhino
75%
Lord of Contagion
75%
Malignant Plaguecaster
75%
Plague Marines
75%
Blightlord Terminators
63%
Chaos Land Raider
63%
Death Guard Chaos Lord in Terminator Armour
63%
Death Guard Cultists
63%
Deathshroud Terminators
63%
Lord of Virulence
63%
Poxwalkers
63%
Chaos Spawn
50%
Death Guard Sorcerer in Terminator Armour
50%
Foetid Bloat-Drone
50%
Noxious Blightbringer
50%
Plagueburst Crawler
50%
Tallyman
50%
Chaos Lord on Palanquin of Nurgle
38%
Death Guard Chaos Lord
38%
Death Guard Daemon Prince
38%
Defiler
38%
Plague Surgeon
38%
Death Guard Possessed
25%
Foul Blightspawn
25%
Helbrute
25%
Biologus Putrifier
13%
Chaos Predator Annihilator
13%
Chaos Predator Destructor
13%
Dreadclaw Drop Pod
13%
Miasmic Malignifier
13%
Myphitic Blight-Haulers
13%
Chaos Cerberus
0%
Chaos Contemptor Dreadnought
0%
Chaos Deimos Predator
0%
Chaos Deredeo Dreadnought
0%
Chaos Falchion
0%
Chaos Fire Raptor Gunship
0%
Chaos Land Raider Achilles
0%
Chaos Land Raider Proteus
0%
Chaos Leviathan Dreadnought
0%
Chaos Mastodon
0%
Chaos Rapier Carrier
0%
Chaos Sicaran Battle Tank
0%
Chaos Sicaran Punisher
0%
Chaos Sicaran Venator
0%
Chaos Sokar-Pattern Stormbird
0%
Chaos Spartan
0%
Chaos Storm Eagle Gunship
0%
Chaos Terrax-Pattern Termite
0%
Chaos Thunderhawk Gunship
0%
Chaos Typhon
0%
Chaos Vindicator Laser Destroyer
0%
Chaos Whirlwind Scorpius
0%
Chaos Xiphon Interceptor
0%
Cursemites
0%
Death Guard Greater Blight Drone
0%
Decimator
0%
Eyestinger Swarms
0%
Glitchlings
0%
Hell Blade
0%
Hell Talon
0%
Kharybdis Assault Claw
0%
Necrosius the Undying
0%
Sludge-Grubs
0%
The Hullbreakers
0%
The Vox-Shamblers
0%
Vulgrar Thrice-Cursed
0%
No matching quizzes found
Score Distribution
Percent of People with Each Score
Percentile by Number Answered
Your Score History
You have not taken this quiz